000
00320pab a2200145 454500
008
180718b1987 xxu||||| |||| 00| 0 eng d
100
_a
Puri, Balraj
245
_a
Religion and politics
260
_c
1987
300
_a
19-20
362
_a
May Day
650
_a
Punjab - Politics
773
_a
Janata
909
_a
16834
999
_c
16834
_d
16834